000 00769nam a2200193Ia 4500
003 GCL
008 140319s9999 xx 000 0 ara d
020 _a7890679960
040 _aGCL /
_cGCL
082 0 4 _a811.1
_bح ش
100 1 _aحسن البنا عزالدين
245 1 0 _aشعرية الحرب عند العرب قبل الاسلام :
_bقصيدة الظغائن نموذجا /
_cحسن البنا عزالدين
260 _aالرياض :
_bدار المفردات للنشر والتوزيع والدراسات
300 _a184 ص ؛
_c24 سم
650 0 4 _aالشعر العربى
650 0 4 _aالشعر العربى - تاريخ ونقد
650 0 4 _aالشعر العربى - تاريخ ونقد - العصر الجاهلى
942 _2ddc
_cBK
999 _c5237
_d5237